003300000a2200073000450024501450000004100140014510000320015977300650019110aPlanificación de Parques Nacionales de alta montaña estudio de casosel plan de manejo del Parque Nacional Natural los Nevados, Colombia0 aEspañol1 aSánchez Páez, Heliodoro1 tTrianeakActa Científica y Tecnológicah1q171-191d1988